Statistics for English First Division Champions

Click here to take the quiz!

General Stats

  • This quiz has been taken 62 times
    (22 since last reset)
  • The average score is 119 of 123

Answer Stats

SeasonClub% Correct
1930-31 | 1932-33 | 1933-34 | +10 othersArsenal
100%
1911-12 | 1913-14 | 1994-95Blackburn Rovers
100%
1954-55 | 2004-05 | 2005-06 | +3 othersChelsea
100%
1968-69 | 1973-74 | 1991-92Leeds United
100%
2015-16Leicester City
100%
1900-01 | 1905-06 | 1921-22 | +16 othersLiverpool
100%
2018-19Manchester CIty
100%
1936-37 | 1967-68 | 2011-12 | +4 othersManchester City
100%
1907-08 | 1910-11 | 1951-52 | +17 othersManchester United
100%
1904-05 | 1906-07 | 1908-09 | 1926-27Newcastle United
100%
1977-78Nottingham Forest
100%
1950-51 | 1960-61Tottenham Hotspur
100%
1893-94 | 1895-96 | 1896-97 | +4 othersAston Villa
94%
1890-91 | 1914-15 | 1927-28 | +6 othersEverton
94%
1897-98Sheffield United
94%
1929-30Sheffield Wednesday
94%
1891-92 | 1892-93 | 1894-95 | +3 othersSunderland
94%
1902-03 | 1903-04 | 1928-29The Wednesday
94%
1948-49 | 1949-50Portsmouth
88%
1888-89 | 1889-90Preston North End
88%
1953-54 | 1957-58 | 1958-59Wolverhampton Wanderers
88%
1971-72 | 1974-75Derby County
82%
1923-24 | 1924-25 | 1925-26Huddersfield Town
82%
1961-62Ipswich Town
76%
1919-20West Bromwich Albion
76%
1920-21 | 1959-60Burnley
71%

Score Distribution

Percentile by Number Answered

Percent of People with Each Score

Your Score History

You have not taken this quiz since the last reset